Music Acts - N - Statistics

General Stats
  • This quiz has been taken 34 times
  • The average score is 8 of 15
Answer Stats
Hint Answer % Correct
Love On The Rocks, Sweet Caroline, Beautiful Noise Neil Diamond
93%
In Bloom, Heart Shaped Box, Lithium Nirvana
87%
Sugar Town, These Boots Are Made For Walking, You Only Live Twice Nancy Sinatra
80%
How You Remind Me, Someday, Rockstar Nickelback
77%
Just A Girl, Hey Baby, Don't Speak No Doubt
77%
Dilemma, Party People, Hot In Here Nelly
73%
Hangin' Tough, If You Go Away, Step By Step New Kids On The Block
63%
Pretend, My One Sin, Unforgettable Nat King Cole
47%
Bizarre Love Triangle, Confusion, Regret New Order
40%
Don't Make Waves, Attention To Me, I'm In The Mood For Dancing Nolans
30%
I Want You Back, Set You Free, Electronic Pleasure Nsync
30%
Broken Down Angel, My White Bicycle, May The Sun Shine Nazareth
17%
Anthem (One Day In Every Week), You Won't Find Another Fool Like Me, Circles New Seekers
17%
Peek A Boo, Winchester Cathedral, Finchley Central New Vaudeville Band
17%
Popcorn Love, Mr Telephone Man, Candy Girl New Edition
13%
No matching quizzes found
Score Distribution
Percent of People with Each Score
Percentile by Number Answered
Your Score History
You have not taken this quiz